• 首页
  • 本馆介绍
  • 公告通知
  • 最新文献
  • 馆藏检索
  • 电子资源
  • 读者导购
  • 参考咨询
  • 我的图书馆
  • 登录
  • 详细信息显示
  • 放入我的书架
  • 预约/预借图书
  • 作者相关作品
  • 分类相关作品
  • 丛书相关作品
  • 出版社相关作品

书目信息

  • 表格格式
  • 工作单格式
  • 卡片格式
题名:
地表过程研究概论
    
 
作者: 丁永建 , 周成虎 主编
分册:  
出版信息: 北京   科学出版社  2013.01
页数: 484页
开本: 27cm
丛书名:
单 册:
中图分类: P931.2
科图分类:
主题词: 地表--研究 , 地表
电子资源:
ISBN: 978-7-03-035844-8
000 00944nam0 2200265 450
001 010010111102
005 20130504154018.87
010    @a978-7-03-035844-8@b精装@dCNY128.00
100    @a20130221d2013 em y0chiy50 ea
101 0  @achi
102    @aCN@b110000
105    @aak z 000yy
106    @ar
200 1  @a地表过程研究概论@9di biao guo cheng yan jiu gai lun@f丁永建,周成虎主编
210    @a北京@c科学出版社@d2013.01
215    @a484页@c图@d27cm
300    @a中国科学院科学出版基金资助出版
330    @a本书主要从地表过程研究方法、地表循环过程及综合模拟、中国典型区域关键地表过程等方面对地表过程研究进行梳理和综合,重点在对中国当前地表过程研究成果总结的基础上,结合研究案例对不同地表过程进行分析。
606 0  @a地表@x研究
606 0  @a地表
690    @aP931.2@v5
701  0 @a丁永建@9ding yong jian@4主编
701  0 @a周成虎@9zhou cheng hu@4主编
801  0 @aCN@b人天书店@c20130221
905    @b543143-45@dP931.2@e135@f3
    
    地表过程研究概论/丁永建,周成虎主编.-北京:科学出版社,2013.01
    484页:图;27cm
    中国科学院科学出版基金资助出版
    
    ISBN 978-7-03-035844-8(精装):CNY128.00
    本书主要从地表过程研究方法、地表循环过程及综合模拟、中国典型区域关键地表过程等方面对地表过程研究进行梳理和综合,重点在对中国当前地表过程研究成果总结的基础上,结合研究案例对不同地表过程进行分析。
●
相关链接 在E读中查询图书 在五车中查询图书 在当当中查询图书 在豆瓣中查询图书


正题名:地表过程研究概论     索取号:P931.2/135         预约/预借

序号 登录号 条形码 馆藏地/架位号 状态 备注
1 543143   205431433   第二样本阅览室/ [索取号:P931.2/135] 在馆    
2 543144   205431442   第三借阅区/ [索取号:P931.2/135] 在馆    
3 543145   205431451   第三借阅区/ [索取号:P931.2/135] 在馆    
唐山师范学院图书馆 欢迎您!
大连网信软件有限公司© 版权所有